[Event "Africa-ch U16"]
[Site "Windhoek"]
[Date "2019.12.20"]
[Round "8.4"]
[White "Andre, Marciano Julio Ferr"]
[Black "Gichuki, Jeff"]
[Result "0-1"]
[WhiteElo "1822"]
[BlackElo "1595"]
[PlyCount "84"]
[EventDate "2019.12.16"]
[EventType "swiss"]
[EventRounds "9"]
[EventCountry "NAM"]
[SourceTitle "EXT 2024"]
[Source "ChessBase"]
[SourceDate "2023.10.10"]
[SourceVersion "1"]
[SourceVersionDate "2023.10.10"]
[SourceQuality "1"]

1. e4 c5 2. Nf3 Nc6 3. c3 d6 4. d4 cxd4 5. cxd4 Nf6 6. d5 Nb8 7. Bd3 g6 8. Be3 Bg7 9. Nc3 0-0 10. Qd2 Nbd7 11. Bh6 Nc5 12. Bc2 Qb6 13. Rb1 Bg4 14. h3 Bxf3 15. gxf3 Rac8 16. 0-0 a6 17. Kg2 Ncd7 18. Bxg7 Kxg7 19. f4 e5 20. dxe6 fxe6 21. Rfd1 d5 22. exd5 exd5 23. Qd4 Qxd4 24. Rxd4 Rc4 25. Rbd1 Nc5 26. f3 Nh5 27. Rxc4 dxc4 28. Ne2 Nxf4+ 29. Nxf4 Rxf4 30. Kg3 Rf7 31. Rd4 b5 32. Rd5 Rc7 33. Kf4 Ne6+ 34. Ke5 Nf8 35. Kd6 Rc8 36. Ke7 Rc7+ 37. Kd6 Rc8 38. Be4 Kf6 39. Rc5 Rd8+ 40. Kc7 Ne6+ 41. Kb6 Nxc5 42. Kxc5 Rd2 0-1